Institute of mediation in international economic relations: the meaning and legal regulation
Mediácia v medzinárodných ekonomických vzťahoch, dôležitosť tohto inštitútu pre subjekty medzinárodných vzťahov, výhody mediácie, právny základ mediácie v medzinárodných spoločnostiach.
Guardado en:
| Autor principal: | |
|---|---|
| Formato: | Capítulo de libro |
| Lenguaje: | inglés |
| Materias: | |
| Etiquetas: |
Sin Etiquetas, Sea el primero en etiquetar este registro!
|
MARC
| LEADER | 00000nla a2200000 4500 | ||
|---|---|---|---|
| 001 | 0223204 | ||
| 005 | 20240502073642.8 | ||
| 041 | 0 | |a eng | |
| 044 | |a SK | ||
| 245 | 1 | 0 | |a Institute of mediation in international economic relations: the meaning and legal regulation |c Liudmila Surma |
| 520 | |a Mediácia v medzinárodných ekonomických vzťahoch, dôležitosť tohto inštitútu pre subjekty medzinárodných vzťahov, výhody mediácie, právny základ mediácie v medzinárodných spoločnostiach. | ||
| 610 | 2 | 0 | |a vzťahy hospodárske medzinárodné |
| 610 | 2 | 0 | |a mediácia |
| 610 | 2 | 0 | |a právo |
| 100 | 1 | |a Surma, Liudmila | |